Statistiques concernant Questions sur la Seconde Guerre mondiale

Cliquez ici pour prendre le quiz!

Statistiques générales

  • Ce quiz a été pris 236 fois
    (163 depuis la dernière actualisation)
  • Le résultat moyen est 9 sur 20

Statistiques - réponses

DescriptionRéponse% Correct
Quel pays fut envahit par l'Allemagne le premier septembre 1939?Pologne
98%
Quelle base militaire américaine fut détruite en 1941 par les Japonais,ce qui a provoqué l'entrée en guerre de cette puissance?Pearl Harbor
88%
Quelle bataille, qui fut la plus désastreuse de la guerre en terme de morts, dura un ans et opposa l'URSS à l'Axe?Bataille de Stalingrad
81%
Quelle opération allemande fut lancée en 1941 dans le but d'envahir l'URSS? Elle peut aussi être traduite par ''Barbe rose" en italien.Opération Barbarossa
80%
Dans quelle région française avait eu lieu un important débarquement des troupes alliées en 1944?Normandie
57%
Qu'étaient le V1 et le V2 utilisés par l'Allemagne nazie?Missile
49%
Quelle entente fut signée entre l'URSS et l'Allemagne le 23 août 1939?Pacte germano-soviétique
46%
Grâce à la conscription, l'armée allemande avait 13,6 millions d'hommes. Quel traité avait précédemment interdit ce moyen d'enrôlement?Traité de Versailles
46%
Quel général américain prononça le fameux discours ''I shall return" après avoir été conduit hors des Philippines par les Japonais?Douglas MacArthur
42%
La phrase ''Arbeit macht frei'' était postée sur l'entrée de plusieurs camps de concentration. Que voulait dire cette phrase?Le travail rend libre
41%
Quel était le nom de cette campagne de bombardements aériens en 1940 et 1941?Blitz
41%
Sur quel édifice parlementaire fut prise une photo d'un soldat soviétique en train d'installer un drapeau de sa patrie?Reichstag
40%
Quel bras droit d'Adolf Hitler devint dirigeant de l'Allemagne nazie après sa mort?Joseph Goebbels
40%
Que dirigeait cet homme avant d'assumer ce rôle? (Indice: le but de cette pratique est d'influencer l'opinion publique)Propagande
37%
Quel roi britannique fit des discours pour remonter le moral de la population après les bombardements aériens allemands sur Londres? (Indice: on pouvait distinguer ses discours par sa façon de bégayer)George VI
26%
Quel industrialiste allemand sauva la vie de 1 200 juifs en les embauchant dans des industries?Oskar Schindler
26%
Quel était le nom du représentant russe ayant signé cette entente cordiale?Vyacheslav Molotov
25%
Sur quelle île japonaise a eu lieu une bataille où fut prise une des photos les plus populaires de l'histoire? (Indice: la photo illustre six soldats américains dans le processus de hisser le drapeau américain sur une colline)Iwo Jima
24%
Quel était le surnom donné à Erwin Rommel?Le Renard du Désert
21%
Quel général britannique s'opposa à Erwin Rommel dans le nord africain?Bernard Montgomery
19%

Distribution des résultats

Percentile par nombre de réponses

% des personnes avec chaque résultat

Votre développement - résultats

Vous n’avez pas pris ce quiz depuis la dernière actualisation